Biological of coastal zone (Record no. 9681)
[ view plain ]
| 000 -LEADER | |
|---|---|
| fixed length control field | 00212nam a22001097a 4500 |
| 040 ## - CATALOGING SOURCE | |
| Transcribing agency | SK |
| 082 ## - DEWEY DECIMAL CLASSIFICATION NUMBER | |
| Classification number | 630 |
| 100 ## - MAIN ENTRY--AUTHOR NAME | |
| Personal name | KHOV KOUNG |
| 245 ## - TITLE STATEMENT | |
| Title | Biological of coastal zone |
| 260 ## - PUBLICATION, DISTRIBUTION, ETC. (IMPRINT) | |
| Place of publication | RUA |
| Name of publisher | KHO |
| Year of publication | 2010 |
| 942 ## - ADDED ENTRY ELEMENTS (KOHA) | |
| Koha item type | សៀវភៅភាសាខ្មែរ |
| 952 ## - LOCATION AND ITEM INFORMATION (KOHA) | |
| Withdrawn status [LOCAL, KOHA] | 0 |
| Permanent Location | Date acquired | Koha item type | Lost status | Shelving location | Barcode | Current Location | Full call number |
|---|---|---|---|---|---|---|---|
| Library Block C | 2016-09-06 | សៀវភៅភាសាខ្មែរ | C238 | RUA042721 | Library Block C | 630 KHO 2010 C238 |